| 000 | 00374nam a2200145Ia 4500 | ||
|---|---|---|---|
| 008 | 240624s9999 xx 000 0 und d | ||
| 041 | _aeng | ||
| 082 | _a808.02 BLO | ||
| 100 | _aBLOOMBERG LINDA DALE | ||
| 245 | _aCOMPLETING YOUR QUALITATIVE DISSERTATION | ||
| 250 | _a(3rd ed.) | ||
| 260 |
_c2016 _aNew Delhi _bsage |
||
| 300 | _axxxvii, 357 p.; 24 cm. | ||
| 365 |
_c _b32 |
||
| 999 |
_c29878 _d29878 |
||